Los historiadores progresistas (Registro nro. 3185)
[ vista simple ]
| 000 -LEADER | |
|---|---|
| fixed length control field | 01277 a2200205 4500 |
| 001 - CONTROL NUMBER | |
| control field | 40180 |
| 005 - DATE AND TIME OF LATEST TRANSACTION | |
| control field | 20260407155656.0 |
| 008 - FIXED-LENGTH DATA ELEMENTS--GENERAL INFORMATION | |
| fixed length control field | 260407a1970 arg spa d |
| 003 - CONTROL NUMBER IDENTIFIER | |
| control field | AR-UNSa-BCEJYS |
| 040 ## - CATALOGING SOURCE | |
| Original cataloging agency | AR-UNSa-BCEJYS |
| Language of cataloging | spa |
| Transcribing agency | AR-UNSa-BCEJYS |
| 080 ## - UNIVERSAL DECIMAL CLASSIFICATION NUMBER | |
| Universal Decimal Classification number | 930 |
| Common auxiliary subdivision | Ciencia de la historia. Ciencias auxiliares de la historia (Historiografía...) |
| 041 ## - LANGUAGE CODE | |
| Language code of text/sound track or separate title | spa |
| 100 1# - MAIN ENTRY--PERSONAL NAME | |
| Personal name | Hofstadter, Richard |
| 245 10 - TITLE STATEMENT | |
| Title | Los historiadores progresistas |
| Name of part/section of a work | Turner, Beard, Parrington |
| 264 #1 - PRODUCTION, PUBLICATION, DISTRIBUTION, MANUFACTURE, AND COPYRIGHT NOTICE | |
| Place of production, publication, distribution, manufacture | Buenos Aires : |
| Name of producer, publisher, distributor, manufacturer | Paidós |
| Date of production, publication, distribution, manufacture, or copyright notice | 1970 |
| 300 ## - PHYSICAL DESCRIPTION | |
| Extent | 446 p. |
| Dimensions | 23 cm. |
| 505 ## - FORMATTED CONTENTS NOTE | |
| Formatted contents note | Parte I: Los antecedentes : 1. La historiografía antes de Turner - Parte II: Federick Jackson Turner : 2. Turner y la rebelión del oeste - 3. La frontera, la sección y el pasado utilizable - 4. La frontera como explicación - Parte III: Charles A. Beard : 5. Beard y el espiritu progresista - 6. La constitución como documento docuemnto económico - 7. La constitución y el pensamiento político - 8. Reconsideraciones - 9. La teoría demoníaca de Franklín D. Roosevelt - Parte IV: V.L. Parrington : 10. Economía y crítica - 11. Crítica y pensamiento político - Parte V: Las consecuencias: 12.Conflicto y consenso en la historia norteamerica. |
| 590 ## - LOCAL NOTE (RLIN) | |
| Local note | niveau_biblio:m niveau_hierar:0 |
| 942 ## - ADDED ENTRY ELEMENTS (KOHA) | |
| Koha item type | |
| Withdrawn status | Lost status | Damaged status | Not for loan | Home library | Current library | Shelving location | Date acquired | Total checkouts | Full call number | Barcode | Date last seen | Price effective from | Koha item type |
|---|---|---|---|---|---|---|---|---|---|---|---|---|---|
| Biblioteca Prof. Eusebio Cleto del Rey | Biblioteca Prof. Eusebio Cleto del Rey | 07/04/2026 | 930 H697 | L23188 | 07/04/2026 | 07/04/2026 | Libro |